Poesía (Record no. 70101)

MARC details
000 -LEADER
campo de control de longitud fija 00613nam a2200193 i 4500
001 - NÚMERO DE CONTROL
campo de control 70101
003 - IDENTIFICADOR DE NÚMERO DE CONTROL
campo de control ES-MaACL
005 - FECHA Y HORA DE LA ÚLTIMA TRANSACCIÓN
campo de control 20231205195753.0
007 - CAMPO FIJO DE DESCRIPCIÓN FÍSICA--INFORMACIÓN GENERAL
campo de control de longitud fija t|
008 - DATOS DE LONGITUD FIJA--INFORMACIÓN GENERAL
campo de control de longitud fija 040716s1944 sp ||||1| spa d
100 1# - ENTRADA PRINCIPAL--NOMBRE DE PERSONA
Nombre de persona García Nieto, José,
Fechas asociadas al nombre 1914-2001
9 (RLIN) 55029
245 10 - MENCIÓN DEL TÍTULO
Título Poesía
Resto del título : 1940-1943 /
Mención de responsabilidad, etc. José García Nieto ; retrato del autor por Rafael Pena.
260 ## - PUBLICACIÓN, DISTRIBUCIÓN, ETC.
Lugar de publicación, distribución, etc. Madrid :
Nombre del editor, distribuidor, etc. Garcilaso,
Fecha de publicación, distribución, etc. [1944] (
Fabricante Gráficas Uguina)
300 ## - DESCRIPCIÓN FÍSICA
Extensión 196 p., 1 lám. ;
Dimensiones 22 cm.
700 1# - ENTRADA AGREGADA--NOMBRE PERSONAL
Nombre de persona Pena, Rafael.
9 (RLIN) 90138
852 ## - LOCALIZACIÓN
Ubicación ES-MaACL
Número de control de estantería B-10072
Sublocalización o colección R.21500
852 ## - LOCALIZACIÓN
Ubicación ES-MaACL
Número de control de estantería F-15897
Sublocalización o colección R.20603
Holdings
Estatus retirado Estado de pérdida Estado de daño No para préstamo Biblioteca de origen Biblioteca actual Ubicación en estantería Fecha de adquisición Fuente de adquisición Total de préstamos Signatura topográfica completa Código de barras Visto por última vez Precio de reemplazo Tipo de ítem Koha
        Biblioteca del Ateneo de Madrid Biblioteca del Ateneo de Madrid Sala Pecera Planta 2 17/01/2008     F-15897 1073407 23/02/2023 23/02/2023 Libro impreso
        Biblioteca del Ateneo de Madrid Biblioteca del Ateneo de Madrid Sala Pardo Bazán 17/01/2008     B-10072 1073406 23/02/2023 23/02/2023 Libro impreso